S fakultou ma spája mnoho spomienok
Spomienky pani Čihovskej, profesorky na Katedre marketingu Obchodnej fakulty v Bratislave. Význam jej pôsobenia na vysokej škole.
Salvato in:
| Autore principale: | |
|---|---|
| Natura: | Capitolo di libro |
| Lingua: | slovacco |
| Soggetti: | |
| Tags: |
Nessun Tag, puoi essere il primo ad aggiungerne!!
|
MARC
| LEADER | 00000naa$a2200000$$$4500 | ||
|---|---|---|---|
| 001 | 0259526 | ||
| 005 | 20240502074115.2 | ||
| 041 | 0 | |a slo | |
| 044 | |a SK | ||
| 245 | 1 | 0 | |a S fakultou ma spája mnoho spomienok |c Viera Čihovská |
| 520 | |a Spomienky pani Čihovskej, profesorky na Katedre marketingu Obchodnej fakulty v Bratislave. Význam jej pôsobenia na vysokej škole. | ||
| 610 | 2 | 0 | |a univerzity |
| 610 | 2 | 0 | |a vzdelanie vysokoškolské |
| 610 | 2 | 0 | |a fakulty |
| 610 | 2 | 0 | |a osobnosť |
| 610 | 2 | 0 | |a ekonómovia |
| 100 | 1 | |a Čihovská, Viera | |